Calculus / (رقم التسجيلة. 30261)

تفاصيل مارك
000 -الفاتح
حقل البيانات ثابتة الطول 00596nam a22002177a 4500
003 - محدد رقم الضبط
رقم الضبط OSt
005 - وقت وتاريخ اخر تعامل مع التسجيلة
رقم الضبط 20150408114135.0
008 - عناصر البيانات ثابتة الطول - معلومات عامة
حقل البيانات ثابتة الطول 130804s2012 nyu f a 001 0 eng d
020 ## - الرقم الدولى المعيارى للكتب
الرقم الدولى المعيارى للكتاب 9780538498845
040 ## - مصدر الفهرسة
وكالة الفهرسة الأصلية Ma-Un
041 ## - رمز اللغة
رمز لغة النص/ المسارات الصوتية أو العنوان الانفرادي eng
082 00 - رقم تصنيف ديوى العشرى
رقم الطبعة 22
رقم التصنيف 515.15
رقم المادة SJC
100 1# - المدخل الرئيسى - إسم شخصى
الإسم الشخصى Stewart, James
الترقيم 1955
9 (RLIN) 36354
245 10 - بيان العنوان
العنوان Calculus /
بيان المسئوليه,etc James Stewart
250 ## - بيان الطبعة
بيان الطبعة 7th. ed.
بقية بيان الطبعة .international ed
260 ## - PUBLICATION, DISTRIBUTION, ETC. (IMPRINT)
مكان الناشر او الموزع New York : .
اسم الناشر او الموزع Cengage Learning International Office,
تاريخ النشر أو التوزيع 2012
300 ## - الوصف المادى
التعداد ix, 1194 p. : .
تفاصيل ماديه اخرى للوعاء ill. ;
أبعاد الوعاء 28 cm
500 ## - تبصرة عامة
تبصرة عامة Includes Index
650 00 - المدخل الاضافى بالموضوع-مصطلح موضوعى
مصطلح موضوعي أو اسم جغرافي كعنصر مدخل Calculus.
942 ## -
-- ddc
-- DVD
999 ## -
-- 30261
-- 264761
المقتنيات
حالة الفقد نموذج السعر الفعال حالة تلف ليس للاعارة رقم الطلب رقم النسخة تاريخ الاكتساب Serial Enumeration / chronology الباركود الفرع الرئيسي Date last seen نوع المادة فى نظام كوها مصدر التصنيف او خطة الترفيف Total Checkouts Date last checked out Total Renewals
  2013-08-04     515.15 SJC 3 2013-08-04 CL 00205965 المكتبة المركزية بالمجمعة (CL) 2013-08-04 كتاب Dewey Decimal Classification      
  2013-08-04     515.15 SJC 2 2013-08-04 CL 00205964 المكتبة المركزية بالمجمعة (CL) 2013-08-04 كتاب Dewey Decimal Classification      
  2013-08-04     515.15 SJC 1 2013-08-04 CL 00205963 المكتبة المركزية بالمجمعة (CL) 2014-11-26 كتاب Dewey Decimal Classification 1 2014-11-17  
  2013-08-05     515.15 SJC   2013-08-05 EZF 00205812 مكتبة مجمع الكليات بالزلفى - طلاب (SZM) 2017-05-07 كتاب Dewey Decimal Classification 3 2017-03-07 1
  2013-08-04     515.15 SJC 1 2013-08-04 SZM 00205962 مكتبة مجمع الكليات بالزلفى - طلاب (SZM) 2015-02-10 كتاب Dewey Decimal Classification 1 2015-02-05